000
00272 a2200097 4500
020
_a
9788198754967
100
_a
Kottayam Pushpanath
245
_a
Computer girl(കമ്പ്യൂട്ടർ ഗേൾ)
260
_b
Kottayam Pushpanath publications
_c
2025
942
_c
OO
999
_c
115751
_d
115750